Entre el apoyo a la democracia y el autoritarismo en Costa Rica /
Enregistré dans:
| Auteur principal: | |
|---|---|
| Autres auteurs: | , |
| Format: | Texte |
| Langue: | Spanish |
| Sujets: | |
| Tags: |
Ajouter un tag
Pas de tags, Soyez le premier à ajouter un tag!
|
MARC
| LEADER | 00000 a a2200000 04500 | ||
|---|---|---|---|
| 001 | 48600 | ||
| 003 | cru CRAI/IIS | ||
| 005 | 20210609152227.0 | ||
| 008 | 210609b |||||||| |||| 00| 0 spa d | ||
| 040 | |c cru CRAI/IIS | ||
| 100 | 1 | |a Mora Solano, Sindy | |
| 245 | 1 | |a Entre el apoyo a la democracia y el autoritarismo en Costa Rica / |c Sindy Mora Solano, Martín Solís Salazar, Luis Diego Soto Kiewit | |
| 500 | |a Colección Centroamérica | ||
| 650 | 0 | |9 83 |a DEMOCRACIA | |
| 650 | 0 | |9 4430 |a AUTORITARISMO | |
| 651 | 0 | |9 32 |a COSTA RICA | |
| 700 | |a Solís Salazar, Martín | ||
| 700 | |a Soto Kiewit, Luis Diego | ||
| 773 | |g volumen.40, (2014), páginas 37-60 : tablas, gráficos | ||
| 773 | 0 | |0 18765 |9 5758 |a Universidad de Costa Rica. |d San José, Costa Rica: Editorial Universidad de Costa Rica, 1974- |o 17406 |t Anuario de Estudios Centroamericanos / |x 03777316 | |
| 942 | |2 ddc |c PP | ||
| 999 | |c 40160 |d 40160 | ||
